Everyday Stalinism : (Record no. 610720)

MARC details
000 -LEADER
fixed length control field 00475nam a2200193 a 4500
008 - FIXED-LENGTH DATA ELEMENTS--GENERAL INFORMATION
fixed length control field 260206s1999##################000#0#eng##
020 ## - INTERNATIONAL STANDARD BOOK NUMBER
ISBN 9780195050011
082 04 - DEWEY DECIMAL CLASSIFICATION NUMBER
Classification number 306.0947
Item number FIT
100 1# - MAIN ENTRY--AUTHOR NAME
Personal name Fitzpatrick, Sheila,
245 10 - TITLE STATEMENT
Title Everyday Stalinism :
260 ## - PUBLICATION, DISTRIBUTION, ETC. (IMPRINT)
Year of publication 1999.
300 ## - PHYSICAL DESCRIPTION
Number of Pages 311 pages
650 #0 - SUBJECT ADDED ENTRY--TOPICAL TERM
Topical Term History.
942 ## - ADDED ENTRY ELEMENTS (KOHA)
Koha item type English Books
Holdings
Withdrawn status Lost status Damaged status Not for loan Home library Current library Shelving location Date acquired Full call number Accession Number Price effective from Koha item type
        Anna Centenary Library Anna Centenary Library 3RD FLOOR, B WING 06.02.2026 306.0947 FIT 153641 06.02.2026 English Books

Find us on the map